Loading...
| Science - Other | 0 | 3 | 0 | 1 | 30 | 96 | 100.67 | 0 | 1 | 1.17 | 11.11 |
| Religion | 0 | 3 | 0 | 1 | 30 | 67 | 93.00 | 0 | 0 | 5.40 | 5.56 |
| History - European | 0 | 3 | 1 | 1 | 25 | 60 | 71.67 | 0 | 0 | 9.27 | 5.56 |
| History - World | 0 | 2 | 0 | 0 | 20 | 81 | 89.50 | 0 | 0 | 3.90 | 6.11 |
| Current Events | 0 | 2 | 0 | 0 | 20 | 62 | 72.50 | 0 | 1 | 12.35 | 24.44 |
| History - American | 0 | 2 | 1 | 1 | 15 | 86 | 89.50 | 0 | 0 | 3.77 | 4.44 |
| Popular Culture | 0 | 1 | 0 | 0 | 10 | 36 | 36.00 | 0 | 1 | 11.49 | 12.96 |
| Social Science | 0 | 1 | 0 | 0 | 10 | 93 | 93.00 | 0 | 0 | 1.93 | 5.56 |
| Fine Arts - Other | 0 | 1 | 0 | 0 | 10 | 75 | 75.00 | 0 | 0 | 3.42 | 2.22 |
| Geography | 0 | 1 | 0 | 0 | 10 | 97 | 97.00 | 0 | 0 | 0.99 | 8.33 |
| Literature - American | 0 | 1 | 0 | 0 | 10 | 112 | 112.00 | 0 | 0 | 0.00 | 2.22 |
| Mythology | 0 | 1 | 0 | 0 | 10 | 36 | 36.00 | 0 | 0 | 6.73 | 6.67 |
| Philosophy | 0 | 1 | 0 | 0 | 10 | 90 | 90.00 | 0 | 0 | 1.68 | 3.17 |
| History - Other | 0 | 1 | 1 | 0 | 5 | 98 | 98.00 | 0 | 0 | 1.09 | 2.22 |
| Fine Arts - Painting and Sculpture | 0 | 0 | 0 | 0 | 0 | 0.00 | 0 | 0 | 0.00 | 0.00 | |
| Science - Physics | 0 | 0 | 1 | 0 | -5 | 0.00 | 0 | 0 | 0.00 | 0.00 |